Report of the pilot workshop on the application of biotelemetry to fish studies for the management of inland fisheries in West Africa, Sélingué, Mali, 29 January - 10 February 2001

Gardado en:
Detalles Bibliográficos
Autor Principal: FAO
Formato: Libro
Idioma:Undetermined
Publicado: Rome, Italy FAO 2002
Những chủ đề:
Các nhãn: Engadir etiqueta
Sen Etiquetas, Sexa o primeiro en etiquetar este rexistro!
Thư viện lưu trữ: Trung tâm Học liệu Trường Đại học Cần Thơ
LEADER 00566nam a2200169Ia 4500
001 CTU_54974
008 210402s9999 xx 000 0 und d
082 |a 639 
082 |b R245/No.654 
100 |a FAO 
245 0 |a Report of the pilot workshop on the application of biotelemetry to fish studies for the management of inland fisheries in West Africa, Sélingué, Mali, 29 January - 10 February 2001 
245 0 |c FAO 
260 |a Rome, Italy 
260 |b FAO 
260 |c 2002 
650 |a fishery 
980 |a Trung tâm Học liệu Trường Đại học Cần Thơ